01065nab a22002057a 4500999001500000003000400015005001700019008004100036040000700077100003600084245009800120300001500218505035400233505007200587650002300659650002900682650002700711773010800738942001300846 c5816d5816OSt20260106234248.0190514b xxu||||| |||| 00| 0 spa d cPJ 96725aGraciadio, Ricardo Nadir 10aSalud mental y sistema de salud. Prestaciones médicas y amparos /cRicardo Nadir Graciadio. ap. 109-113 aSumario: I. Introducción.— II. Ley nacional 26.657 de Salud Mental.— III. Cómo interpretar la Ley de Salud Mental.— IV. Utilización del recurso de amparo frente a problemáticas de la salud mental.— V. La defensa de la persona en virtud del principio pro homine en favor de las personas con enfermedades mentales.— VI. Conclusiones. tSi te interesa el texto, comunicate a koha@justierradelfuego.gov.ar 091272aSALUD MENTAL 091253aDERECHO A LA SALUD 091223aACCION DE AMPARO0 0284493222dBuenos Aires : AbeledoPerrot, 1989-tDerecho de familia. N° 117 - Noviembre 2024z18511201 2udccANA